000 00534nam a2200181Ia 4500
003 GCL
008 140319s9999 xx 000 0 ara d
040 _aGCL /
_cGCL
082 0 4 _a813.03
_bا ق
100 1 _aابراهيم الكونى
245 1 0 _aالقفص /
_cابراهيم الكونى
260 _a[S.N] :
_bرياض الريس للكتب والنشر
300 _a1640 ص
490 _aالسلسلة القصصية
_v0
650 0 4 _aالادب العربى
650 0 4 _aالقصص العربية
942 _2ddc
_cBK
999 _c54705
_d54705